Welcome to the Holygrace Academy Library

Please use search bar below to get started

PRINCESS POPPY (Record no. 3072)

MARC details
000 -LEADER
fixed length control field 00392nam a22001577a 4500
020 ## - INTERNATIONAL STANDARD BOOK NUMBER
ISBN 978-0-552-55594-4
082 ## - DEWEY DECIMAL CLASSIFICATION NUMBER
Classification number 823
Item number JON, J
100 ## - MAIN ENTRY--AUTHOR NAME
Personal name JONES, JANEY LOUISE
245 ## - TITLE STATEMENT
Title PRINCESS POPPY
Remainder of title A TRUE PRINCESS
246 ## - VARYING FORM OF TITLE
Title proper/short title PRINCESS POPPY
Remainder of title A TRUE PRINCESS
260 ## - PUBLICATION, DISTRIBUTION, ETC. (IMPRINT)
Place of publication LONDON
Name of publisher A YOUNG CORGI BOOK
Year of publication 2007
300 ## - PHYSICAL DESCRIPTION
Number of Pages 118
520 ## - SUMMARY, ETC.
Summary, etc SHORT STORY
650 ## - SUBJECT ADDED ENTRY--TOPICAL TERM
Topical Term SHORT STORY
942 ## - ADDED ENTRY ELEMENTS (KOHA)
Koha item type Books
Holdings
Withdrawn status Lost status Collection code Home library Current library Shelving location Date acquired Source of acquisition Full call number Accession Number Koha item type
    Fiction Main Library Main Library SHELF 4-G FAIRY TALES,COMICS 07/11/2013 Purchase 823 JON, J 06558 Books